000 00916nam0a22002531 4500
001 rc\2882242
005 20250530041551.0
035 _a(NLR Aleph) 007212412
090 _a7672856
_c7672856
100 _a20110720d1928 |||y0rusy50 ca
101 0 _arus
102 _aRU
105 _ay z |||||
200 1 _aН.А. Сергеев. Академик живописи (1855-1919)
210 _a[Ленинград]
_cБ. и.
_d[1928]
215 _aС. 3-8
300 _aВ кн.: Каталог посмертной выставки картин академика живописи Н.А. Сергеева (1855-1919). Л., 1928. Стр. 3-8
600 1 _aСергеев
_bН.А.
_f1855-1919
700 1 _aКовальская-Ильина
_bП.В.
_f1892-1940
_gПолина Владимировна
801 0 _aRU
_bNLR
_gpsbo
801 1 _aRU
_bELAR
_2rusmarc
852 _aNLR
_j40/2191
942 _cBOOK
980 _aNB